Fußballspieler mit den meisten Länderspielen - Statistiken

Allgemein
  • Dieses Quiz wurde 128 mal gespielt
  • Das Durchschnittsergebnis liegt bei 4 aus 20
Antwortstatistiken
Nation Spieler Länderspiele % Korrekt
Portugal Cristiano Ronaldo 200
100%
Argentinien Lionel Messi 175
88%
Italien Gianluigi Buffon 176
61%
Kroatien Luka Modric 166
57%
Spanien Iker Casillas 167
50%
Spanien Sergio Ramos 180
50%
Mexiko Andrés Guardado 181
7%
USA Cobi Jones 164
5%
Ägypten Ahmed Hassan 184
4%
Ägypten Hossam Hassan 178
4%
Ecuador Iván Hurtado 168
2%
Kuwait Bader Al-Mutawa 196
1%
Lettland Vitalijs Astafjevs 167
1%
V.A.E Adnan Al-Talyani 164
0%
Oman Ahmed Kano 182
0%
Jordanien Amer Shafi 171
0%
Malaysia Chin Ann Soh 195
0%
Mexiko Claudio Suárez 177
0%
Honduras Maynor Figueroa 175
0%
Saudi-Arabien Mohammed Al-Deayea 178
0%
Keine übereinstimmenden Quizze gefunden
Verteilung der Resultate
Anzahl Personen mit jedem Resultat
Perzentil nach korrekt beantworteten Fragen
Ihre Resultats-Entwicklung
Sie haben dieses Quiz noch nicht gespielt